A TEXT BOOK OF BANKING (Record no. 6889)
[ view plain ]
| 000 -LEADER | |
|---|---|
| fixed length control field | 00415cam a2200181ua 4500 |
| 008 - FIXED-LENGTH DATA ELEMENTS--GENERAL INFORMATION | |
| fixed length control field | 111209n1980 II |||gr||||Z||||||eng |
| 040 ## - CATALOGING SOURCE | |
| Original cataloging agency | MAIN |
| 041 ## - LANGUAGE CODE | |
| -- | English |
| 082 ## - DEWEY DECIMAL CLASSIFICATION NUMBER | |
| Classification number | 332.1 RAD |
| 100 ## - MAIN ENTRY--PERSONAL NAME | |
| Personal name | RADHASWAMI , M . |
| 245 ## - TITLE STATEMENT | |
| Title | A TEXT BOOK OF BANKING |
| 260 ## - PUBLICATION, DISTRIBUTION, ETC. | |
| Place of publication, distribution, etc. | NEW DELHI |
| Name of publisher, distributor, etc. | S.CHAND & COMPANY |
| Date of publication, distribution, etc. | 1980 |
| 300 ## - PHYSICAL DESCRIPTION | |
| Extent | 834. |
| 700 ## - ADDED ENTRY--PERSONAL NAME | |
| Personal name | VASUDEVAN , S.V . |
| 942 ## - ADDED ENTRY ELEMENTS (KOHA) | |
| Koha item type | Books |
| 653 ## - INDEX TERM--UNCONTROLLED | |
| Uncontrolled term | Banking |
| Withdrawn status | Lost status | Damaged status | Not for loan | Collection code | Home library | Current library | Shelving location | Date acquired | Full call number | Barcode | Date last seen | Copy number | Price effective from | Koha item type |
|---|---|---|---|---|---|---|---|---|---|---|---|---|---|---|
| REFECO | Central Library and Information Centre Sibsagar Girls College | Central Library and Information Centre Sibsagar Girls College | Economics Rack | 19.08.1980 | 332.1 RAD | 06167 | 27.02.2020 | 1 | 27.02.2020 | Books | ||||
| REFECO | Central Library and Information Centre Sibsagar Girls College | Central Library and Information Centre Sibsagar Girls College | Economics Rack | 19.08.1980 | 332.1 RAD | 06168 | 27.02.2020 | 2 | 27.02.2020 | Books |